List all Country Prefixes and Suffixes! - Statistics

General Stats
  • This quiz has been taken 261 times
  • The average score is 5 of 30
Answer Stats
Country Amount Answer % Correct
102 Republic
97%
4 United
78%
15 Kingdom
65%
5 State
57%
3 Democratic Republic
38%
2 Federation
35%
2 People's Republic
30%
3 Principality
19%
3 Commonwealth
15%
1 Sultanate
15%
4 Islamic Republic
14%
1 Nation
13%
1 Grand Duchy
12%
3 Federal Republic
11%
1 Confederation
9%
2 People's Democratic Republic
6%
1 Socialist Republic
6%
2 Arab Republic
3%
1 Bolivarian Republic
3%
1 Hashemite Kingdom
3%
1 Abode of Peace
2%
1 Co-operative Republic
2%
1 Federative Republic
2%
2 Independent State
2%
1 Oriental Republic
2%
1 Plurinational State
2%
1 United Republic
1%
1 Democratic Socialist Republic
0%
2 Federal Democratic Republic
0%
1 Republic of the Union
0%
No matching quizzes found
Score Distribution
Percent of People with Each Score
Percentile by Number Answered
Your Score History
You have not taken this quiz